| 000 | 00831nas a2200289 4500 | ||
|---|---|---|---|
| 001 | BR0805213 | ||
| 003 | BR-BrBNA | ||
| 005 | 20231205112408.0 | ||
| 007 | ta | ||
| 008 | 230509b bl.|||p| |||| 00| 00por d | ||
| 040 |
_aBR-BrBNA _bpor _cBiblioteca Nacional de Agricultura |
||
| 041 | _a(En) | ||
| 072 | _aQ04 | ||
| 100 | 1 | _aMoreschi, S.R.M. | |
| 100 | 1 | _aLimonta, C.R. | |
| 100 | 1 | _aMarques, M.O.M. | |
| 100 | 1 | _aMorgano, M.A. | |
| 100 | 1 | _aParra, E.S.B. | |
| 245 | 1 | _aCentesimal/nutritional characterization of acerola and star fruit | |
| 650 | _aACEROLA | ||
| 650 | _aCARAMBOLA | ||
| 650 | _aCOMPOSIÇÃO QUIMICA | ||
| 650 | _aVALOR NUTRITIVO | ||
| 773 | 0 |
_tMagistra (Brazil) _xISSN 0102-5222 _g(Oct-Dec 2007), v. 19(4) p. 379-385 _wBR0805213 |
|
| 909 |
_a202311 _bLúcia _c55 _dLúcia Elande |
||
| 942 |
_2AGRIS _n0 _cANA |
||
| 999 |
_c197830 _d197830 |
||